000 00841nam a22002177a 4500
008 240605b mp ||||| |||| 00| 0 mon d
020 _a978-99973-1-645-5
035 _a10617
040 _aHE0623081
_bmon
_cMN-UlNLM
_dMN-UlNLM
_erda
041 _amon
042 _a22992
084 _2NNA
_a92
_bБ.174
245 0 _aБайгалийн хөтөч
264 _aУБ.
_bМонсудар хэвлэлийн газар
_c2017
300 _a359х.
336 _2rdacontent
_atext
_btxt
337 _2rdamedia
_aunmediated
_bn
338 _2rdacarrier
_avolume
_bnc
650 _aАмьдралын энгийн ойлголтууд Бичил биет организмууд болон мөөг Ургамал Нугаламгүйтэн Загас Хоёр нутагтан Мөлхөгчид Шувуу Хөхтөн ...
942 _2NNA
_cBK
999 _c882693
_d882750